000 00279nam a22001097a 4500
008 170105b xxu||||| |||| 00| 0 eng d
020 _a1133789021
041 _aeng
080 _23RD
_a618.2
245 _aMEDICAL-SURGICAL NURSING
_cWHITE, L & DUNCAN, G & BAUMLE, W
942 _2udc
_cBK
999 _c2536
_d2536